Statistics for Ratchet and Clank Games

Click here to take the quiz!

General Stats

  • This quiz has been taken 509 times
    (103 since last reset)
  • The average score is 10 of 15

Answer Stats

Answer% Correct
Ratchet & Clank
99%
Ratchet & Clank 3
85%
Ratchet: Gladiator
80%
Ratchet & Clank: Locked and Loaded
75%
Ratchet & Clank: A Crack in Time
72%
Ratchet & Clank: Nexus
72%
Ratchet & Clank: Tools of Destruction
72%
Ratchet & Clank Rift Apart
69%
Ratchet & Clank: Size Matters
67%
Ratchet & Clank: All 4 One
65%
Ratchet & Clank: Quest for Booty
65%
Secret Agent Clank
63%
Ratchet & Clank 2016
54%
Ratchet & Clank: QForce
52%
Ratchet & Clank: Trilogy
15%

Score Distribution

Percentile by Number Answered

Percent of People with Each Score

Your Score History

You have not taken this quiz since the last reset